00573nam a2200205 a 450000100100000000500170001000800410002702000150006804000250008308200170010810000220012524500440014726000280019130000360021949000300025565000190028583000370030404900090034199900170035000002344720200930022227.0101208s2000 sp ac r 001 0 spa d a8420700207 aDO-SdBNPbspacBNPHU a070.4bR756p1 aRoma, Pepa94831510aDe profesión periodista /cPepa Roma. aMadrid :bAnaya,c2000. a119 p. :ail., retrs. ;a21 cm.1 aPunto de referencia Anaya 4aPeriodismo929 0aPunto de referencia Anaya944582 aBNGR c22943d22943